[Event "Medellin Flores op 30th"]
[Site "Medellin"]
[Date "2023.08.05"]
[Round "5"]
[White "Varela Acosta, Valeria"]
[Black "Solano Trillos, Thaliana"]
[Result "0-1"]
[WhiteElo "1211"]
[BlackElo "1374"]
[PlyCount "124"]
[EventDate "2023.08.03"]
[EventType "swiss"]
[EventRounds "9"]
[EventCountry "COL"]
[SourceTitle "EXT 2024"]
[Source "ChessBase"]
[SourceDate "2023.10.10"]
[SourceVersion "1"]
[SourceVersionDate "2023.10.10"]
[SourceQuality "1"]

1. e4 e5 2. Nf3 Nf6 3. Nc3 Bb4 4. d3 d5 5. Nxe5 dxe4 6. Bd2 Qd4 7. f4 e3 8. Nf3 exd2+ 9. Qxd2 Qb6 10. 0-0-0 0-0 11. a3 Bd6 12. g3 Bd7 13. Bg2 Bc6 14. Rhe1 Nbd7 15. Ne5 Bxg2 16. Qxg2 Bxe5 17. fxe5 Ng4 18. Nd5 Qf2 19. Qxf2 Nxf2 20. Rd2 Ng4 21. e6 fxe6 22. Rxe6 Rf1+ 23. Rd1 Rxd1+ 24. Kxd1 c6 25. h3 Kf7 26. Re7+ Kf8 27. Rxd7 Ne5 28. Nc7 Nxd7 29. Nxa8 Nf6 30. Nc7 Ke7 31. g4 Kd7 32. g5 Nh5 33. Na8 Kc8 34. Ke2 Kb8 35. Ke3 Kxa8 36. c4 Kb8 37. b4 Kc7 38. d4 Kd6 39. Ke4 g6 40. a4 Ng7 41. c5+ Ke6 42. b5 Ne8 43. bxc6 bxc6 44. a5 Nc7 45. h4 Nd5 46. a6 Nb4 47. d5+ cxd5+ 48. Kd4 Nxa6 49. c6 Kd6 50. Kd3 Nb4+ 51. Kc3 Nxc6 52. Kd3 a5 53. Kc3 Kc5 54. Kb3 Nd4+ 55. Ka4 Kc4 56. Kxa5 Nb3+ 57. Ka4 d4 58. Ka3 Kc3 59. Ka2 d3 60. Kb1 d2 61. h5 d1Q+ 62. Ka2 Qa1# 0-1